| Tag |
First Indicator |
Second Indicator |
Subfields |
| LEADER |
00000cas a2200000 a 4500 |
| 001 |
in00002375813 |
| 005 |
20151109042001.0 |
| 006 |
m d |
| 007 |
cr bnu|||||||| |
| 008 |
070530d19701992xxu x ss 1 0eng d |
| 010 |
|
|
|a 2007234131
|
| 022 |
|
|
|y 1936-0614
|
| 035 |
|
|
|a (OCoLC)ocn137246126
|
| 035 |
|
|
|a (OCoLC)137246126
|
| 040 |
|
|
|a EYM
|c EYM
|d HUL
|d TXA
|d UtOrBLW
|
| 042 |
|
|
|a lcd
|
| 049 |
|
|
|a TXAM
|
| 050 |
1 |
4 |
|a QL737.C27
|b U77 Electronic
|
| 111 |
2 |
|
|a International Conference on Bear Research and Management.
|
| 240 |
1 |
0 |
|a Bears, their biology and management (Online)
|
| 245 |
1 |
0 |
|a Bears, their biology and management :
|b papers and proceedings of the International Conference on Bear Research and Management.
|
| 264 |
|
1 |
|a Morges, Switzerland :
|b International Union for Conservation of Nature and Natural Resources,
|c 1972-1997.
|
| 310 |
|
|
|a Irregular
|
| 336 |
|
|
|a text
|b txt
|2 rdacontent
|
| 337 |
|
|
|a computer
|b c
|2 rdamedia
|
| 338 |
|
|
|a online resource
|b cr
|2 rdacarrier
|
| 362 |
0 |
|
|a 2nd (Nov. 6/9, 1970)-9th (Oct. 1992).
|
| 490 |
1 |
|
|a 1970-1974: IUCN publications
|
| 490 |
1 |
|
|a 1977: Bear Biology Association conference series
|
| 500 |
|
|
|a Title from cover (JSTOR, viewed May 30, 2007).
|
| 500 |
|
|
|a Published by: Bear Biology Association, 1980; International Association for Bear Research and Management, 1983-1994.
|
| 500 |
|
|
|a Imprint varies; published in various cities in United States, 1980-1992.
|
| 515 |
|
|
|a Ninth conference issued in 2 parts: [pt. 1] Missoula, Mont., Feb. 1992; [pt. 2] Grenoble, France, Oct. 1992.
|
| 538 |
|
|
|a Mode of access: World Wide Web.
|
| 500 |
|
|
|a Electronic resource.
|
| 650 |
|
0 |
|a Bears
|v Congresses.
|
| 650 |
|
0 |
|a Wildlife management
|v Congresses.
|
| 710 |
2 |
|
|a International Union for Conservation of Nature and Natural Resources.
|
| 710 |
2 |
|
|a Bear Biology Association.
|
| 710 |
2 |
|
|a International Association for Bear Research and Management.
|
| 776 |
0 |
8 |
|i Also issued in print: International Conference on Bear Research and Management.
|t Bears, their biology and management
|x 1936-0614
|w (DLC) 00220426
|w (OCoLC)31210303
|
| 780 |
0 |
0 |
|a Bear Workshop.
|t Proceedings of the ... Bear Workshop (Online)
|w (OCoLC)137246094
|
| 785 |
0 |
0 |
|t Ursus (International Association for Bear Research and Management : Online)
|x 1938-5439
|w (DLC) 2007242262
|w (OCoLC)60630377
|
| 830 |
|
0 |
|a IUCN publications.
|
| 830 |
|
0 |
|a Bear Biology Association conference series.
|
| 948 |
|
|
|a cataloged
|b h
|c 2008/4/4
|d c
|e spoltoratski
|
| 994 |
|
|
|a C0
|b TXA
|
| 999 |
|
|
|a MARS
|
| 999 |
f |
f |
|s 38e363bc-cde8-3749-932c-7091b6ca12d9
|i e011bec1-d24e-3b02-89e2-98da732b02d8
|t 0
|
| 952 |
f |
f |
|a Texas A&M University
|b College Station
|c Electronic Resources
|d Available Online
|t 0
|e QL737.C27 U77
|g Electronic
|h Library of Congress classification
|
| 998 |
f |
f |
|a QL737.C27 U77
|t 0
|l Available Online
|